<?xml version="1.0" encoding="UTF-8"?>
<record
    xmlns:xsi="http://www.w3.org/2001/XMLSchema-instance"
    xsi:schemaLocation="http://www.loc.gov/MARC21/slim http://www.loc.gov/standards/marcxml/schema/MARC21slim.xsd"
    xmlns="http://www.loc.gov/MARC21/slim">

  <leader>02912nam a22002897a 4500</leader>
  <controlfield tag="005">20250506144907.0</controlfield>
  <controlfield tag="008">      s2550                        tha d</controlfield>
  <datafield tag="020" ind1=" " ind2=" ">
    <subfield code="a">9789744140326</subfield>
  </datafield>
  <datafield tag="040" ind1=" " ind2=" ">
    <subfield code="a">NALT</subfield>
  </datafield>
  <datafield tag="041" ind1="1" ind2=" ">
    <subfield code="a">tha</subfield>
    <subfield code="h">eng</subfield>
  </datafield>
  <datafield tag="050" ind1=" " ind2=" ">
    <subfield code="a">HD 30.28 </subfield>
    <subfield code="b">&#xE04;933&#xE2D; 2550</subfield>
  </datafield>
  <datafield tag="100" ind1="1" ind2=" ">
    <subfield code="a">&#xE41;&#xE04;&#xE1B;&#xE41;&#xE25;&#xE19;, &#xE42;&#xE23;&#xE40;&#xE1A;&#xE34;&#xE23;&#xE4C;&#xE15; &#xE40;&#xE2D;&#xE2A;.  </subfield>
    <subfield code="9">40552</subfield>
  </datafield>
  <datafield tag="245" ind1="1" ind2="0">
    <subfield code="a">Alignment : </subfield>
    <subfield code="b">&#xE01;&#xE32;&#xE23;&#xE43;&#xE0A;&#xE49; Balanced Scorecard &#xE1B;&#xE23;&#xE30;&#xE2A;&#xE32;&#xE19;&#xE1E;&#xE25;&#xE31;&#xE07;&#xE17;&#xE31;&#xE49;&#xE07;&#xE2D;&#xE07;&#xE04;&#xE4C;&#xE01;&#xE32;&#xE23; /</subfield>
    <subfield code="c">&#xE42;&#xE14;&#xE22; Robert S. Kaplan &amp; David P. Norton ; &#xE41;&#xE1B;&#xE25;&#xE41;&#xE25;&#xE30;&#xE40;&#xE23;&#xE35;&#xE22;&#xE1A;&#xE40;&#xE23;&#xE35;&#xE22;&#xE07;&#xE42;&#xE14;&#xE22; &#xE08;&#xE31;&#xE01;&#xE23; &#xE15;&#xE34;&#xE07;&#xE28;&#xE20;&#xE31;&#xE17;&#xE34;&#xE22;&#xE4C;.</subfield>
    <subfield code="h">[electronic resource]</subfield>
  </datafield>
  <datafield tag="260" ind1=" " ind2=" ">
    <subfield code="a">&#xE01;&#xE23;&#xE38;&#xE07;&#xE40;&#xE17;&#xE1E;&#xE2F; : </subfield>
    <subfield code="b">&#xE40;&#xE2D;&#xE47;&#xE01;&#xE0B;&#xE40;&#xE1B;&#xE2D;&#xE23;&#xE4C;&#xE40;&#xE19;&#xE47;&#xE17;, </subfield>
    <subfield code="c">2550.</subfield>
  </datafield>
  <datafield tag="300" ind1=" " ind2=" ">
    <subfield code="a">451 &#xE2B;&#xE19;&#xE49;&#xE32; :</subfield>
    <subfield code="b">&#xE15;&#xE32;&#xE23;&#xE32;&#xE07; ;</subfield>
    <subfield code="c">23 &#xE0B;&#xE21;.</subfield>
  </datafield>
  <datafield tag="300" ind1=" " ind2=" ">
    <subfield code="a">Online resource</subfield>
  </datafield>
  <datafield tag="520" ind1=" " ind2=" ">
    <subfield code="a">&#xE2B;&#xE19;&#xE31;&#xE07;&#xE2A;&#xE37;&#xE2D;&#xE40;&#xE25;&#xE48;&#xE21;&#xE19;&#xE35;&#xE49;&#xE08;&#xE30;&#xE17;&#xE33;&#xE43;&#xE2B;&#xE49;&#xE1C;&#xE39;&#xE49;&#xE2D;&#xE48;&#xE32;&#xE19;&#xE40;&#xE02;&#xE49;&#xE32;&#xE43;&#xE08;&#xE1A;&#xE17;&#xE1A;&#xE32;&#xE17;&#xE02;&#xE2D;&#xE07;&#xE41;&#xE1C;&#xE19;&#xE1C;&#xE31;&#xE07;&#xE01;&#xE25;&#xE22;&#xE38;&#xE17;&#xE18;&#xE4C; (Strategy maps) &#xE41;&#xE25;&#xE30; Balanced Scorecard &#xE43;&#xE19;&#xE20;&#xE32;&#xE04;&#xE1B;&#xE0F;&#xE34;&#xE1A;&#xE31;&#xE15;&#xE34; &#xE42;&#xE14;&#xE22; Robert S. Kaplan &#xE41;&#xE25;&#xE30; David P. Norton &#xE1C;&#xE39;&#xE49;&#xE40;&#xE02;&#xE35;&#xE22;&#xE19;&#xE44;&#xE14;&#xE49;&#xE2D;&#xE18;&#xE34;&#xE1A;&#xE32;&#xE22;&#xE16;&#xE36;&#xE07;&#xE41;&#xE19;&#xE27;&#xE17;&#xE32;&#xE07;&#xE01;&#xE32;&#xE23;&#xE41;&#xE01;&#xE49;&#xE44;&#xE02;&#xE04;&#xE27;&#xE32;&#xE21;&#xE1A;&#xE34;&#xE14;&#xE40;&#xE1A;&#xE35;&#xE49;&#xE22;&#xE27;&#xE02;&#xE2D;&#xE07;&#xE01;&#xE32;&#xE23;&#xE1B;&#xE23;&#xE30;&#xE2A;&#xE32;&#xE19;&#xE1E;&#xE25;&#xE31;&#xE07;&#xE20;&#xE32;&#xE22;&#xE43;&#xE19;&#xE2D;&#xE07;&#xE04;&#xE4C;&#xE01;&#xE32;&#xE23;&#xE40;&#xE1E;&#xE37;&#xE48;&#xE2D;&#xE43;&#xE2B;&#xE49;&#xE21;&#xE38;&#xE48;&#xE07;&#xE44;&#xE1B;&#xE43;&#xE19;&#xE17;&#xE34;&#xE28;&#xE17;&#xE32;&#xE07;&#xE40;&#xE14;&#xE35;&#xE22;&#xE27;&#xE01;&#xE31;&#xE19; &#xE1E;&#xE23;&#xE49;&#xE2D;&#xE21;&#xE17;&#xE31;&#xE49;&#xE07;&#xE44;&#xE14;&#xE49;&#xE40;&#xE2A;&#xE19;&#xE2D;&#xE41;&#xE19;&#xE30;&#xE41;&#xE19;&#xE27;&#xE17;&#xE32;&#xE07;&#xE17;&#xE35;&#xE48;&#xE17;&#xE23;&#xE07;&#xE1E;&#xE25;&#xE31;&#xE07;&#xE41;&#xE25;&#xE30;&#xE21;&#xE35;&#xE1B;&#xE23;&#xE30;&#xE2A;&#xE34;&#xE17;&#xE18;&#xE34;&#xE1C;&#xE25; &#xE2D;&#xE31;&#xE19;&#xE1B;&#xE23;&#xE30;&#xE01;&#xE2D;&#xE1A;&#xE44;&#xE1B;&#xE14;&#xE49;&#xE27;&#xE22; &#xE27;&#xE34;&#xE16;&#xE35;&#xE17;&#xE32;&#xE07;&#xE43;&#xE19;&#xE01;&#xE32;&#xE23;&#xE1A;&#xE23;&#xE34;&#xE2B;&#xE32;&#xE23;&#xE14;&#xE38;&#xE25;&#xE22;&#xE20;&#xE32;&#xE1E;&#xE17;&#xE32;&#xE07;&#xE01;&#xE32;&#xE23;&#xE40;&#xE07;&#xE34;&#xE19;&#xE02;&#xE2D;&#xE07;&#xE01;&#xE25;&#xE38;&#xE48;&#xE21;&#xE1A;&#xE23;&#xE34;&#xE29;&#xE31;&#xE17;&#xE43;&#xE2B;&#xE49;&#xE40;&#xE01;&#xE34;&#xE14;&#xE1B;&#xE23;&#xE30;&#xE2A;&#xE34;&#xE17;&#xE18;&#xE34;&#xE1C;&#xE25; &#xE01;&#xE32;&#xE23;&#xE2A;&#xE23;&#xE49;&#xE32;&#xE07;&#xE02;&#xE49;&#xE2D;&#xE40;&#xE2A;&#xE19;&#xE2D;&#xE14;&#xE49;&#xE32;&#xE19;&#xE04;&#xE38;&#xE13;&#xE04;&#xE48;&#xE32;&#xE02;&#xE2D;&#xE07;&#xE2A;&#xE34;&#xE19;&#xE04;&#xE49;&#xE32;&#xE41;&#xE25;&#xE30;&#xE1A;&#xE23;&#xE34;&#xE01;&#xE32;&#xE23;&#xE17;&#xE35;&#xE48;&#xE21;&#xE35;&#xE40;&#xE2D;&#xE01;&#xE25;&#xE31;&#xE01;&#xE29;&#xE13;&#xE4C;&#xE40;&#xE09;&#xE1E;&#xE32;&#xE30; &#xE23;&#xE27;&#xE21;&#xE16;&#xE36;&#xE07;&#xE40;&#xE17;&#xE04;&#xE19;&#xE34;&#xE04;&#xE01;&#xE32;&#xE23;&#xE43;&#xE0A;&#xE49;&#xE01;&#xE23;&#xE30;&#xE1A;&#xE27;&#xE19;&#xE01;&#xE32;&#xE23;&#xE14;&#xE33;&#xE40;&#xE19;&#xE34;&#xE19;&#xE07;&#xE32;&#xE19;&#xE23;&#xE48;&#xE27;&#xE21;&#xE01;&#xE31;&#xE19;&#xE02;&#xE2D;&#xE07;&#xE2B;&#xE19;&#xE48;&#xE27;&#xE22;&#xE07;&#xE32;&#xE19;&#xE41;&#xE25;&#xE30;&#xE1A;&#xE23;&#xE34;&#xE29;&#xE31;&#xE17;&#xE43;&#xE19;&#xE40;&#xE04;&#xE23;&#xE37;&#xE2D; &#xE40;&#xE2B;&#xE21;&#xE32;&#xE30;&#xE2A;&#xE33;&#xE2B;&#xE23;&#xE31;&#xE1A;&#xE1C;&#xE39;&#xE49;&#xE17;&#xE35;&#xE48;&#xE2A;&#xE19;&#xE43;&#xE08;&#xE41;&#xE25;&#xE30;&#xE15;&#xE49;&#xE2D;&#xE07;&#xE01;&#xE32;&#xE23;&#xE15;&#xE48;&#xE2D;&#xE22;&#xE2D;&#xE14;&#xE04;&#xE27;&#xE32;&#xE21;&#xE23;&#xE39;&#xE49;&#xE14;&#xE49;&#xE32;&#xE19; Balanced Scorecard.  </subfield>
  </datafield>
  <datafield tag="650" ind1=" " ind2="0">
    <subfield code="a">&#xE01;&#xE32;&#xE23;&#xE27;&#xE32;&#xE07;&#xE41;&#xE1C;&#xE19;&#xE40;&#xE0A;&#xE34;&#xE07;&#xE01;&#xE25;&#xE22;&#xE38;&#xE17;&#xE18;&#xE4C;</subfield>
    <subfield code="9">5506</subfield>
  </datafield>
  <datafield tag="650" ind1=" " ind2="0">
    <subfield code="a">&#xE01;&#xE32;&#xE23;&#xE08;&#xE31;&#xE14;&#xE01;&#xE32;&#xE23;&#xE2D;&#xE07;&#xE04;&#xE4C;&#xE01;&#xE32;&#xE23;</subfield>
    <subfield code="9">3933</subfield>
  </datafield>
  <datafield tag="700" ind1="1" ind2=" ">
    <subfield code="a">Kaplan, Robert S. </subfield>
    <subfield code="9">40553</subfield>
  </datafield>
  <datafield tag="700" ind1="1" ind2=" ">
    <subfield code="a">Norton, David P. </subfield>
    <subfield code="9">40554</subfield>
  </datafield>
  <datafield tag="700" ind1="0" ind2=" ">
    <subfield code="a">&#xE08;&#xE31;&#xE01;&#xE23; &#xE15;&#xE34;&#xE07;&#xE28;&#xE20;&#xE31;&#xE17;&#xE34;&#xE22;&#xE4C; </subfield>
    <subfield code="9">40555</subfield>
  </datafield>
  <datafield tag="850" ind1=" " ind2=" ">
    <subfield code="a">NALT</subfield>
  </datafield>
  <datafield tag="856" ind1="4" ind2="0">
    <subfield code="u">https://ebook.parliament.go.th/ebookall/detail/431720</subfield>
    <subfield code="z">E-Book</subfield>
  </datafield>
  <datafield tag="942" ind1=" " ind2=" ">
    <subfield code="c">GB</subfield>
    <subfield code="2">lcc</subfield>
    <subfield code="0">1</subfield>
  </datafield>
  <datafield tag="996" ind1=" " ind2=" ">
    <subfield code="a">jamriang.p</subfield>
    <subfield code="b">CATSTF	</subfield>
    <subfield code="c">2023-11-30</subfield>
  </datafield>
  <datafield tag="999" ind1=" " ind2=" ">
    <subfield code="c">56537</subfield>
    <subfield code="d">56537</subfield>
  </datafield>
  <datafield tag="998" ind1=" " ind2=" ">
    <subfield code="j">1020</subfield>
    <subfield code="k"> &#xE19;&#xE32;&#xE07;&#xE08;&#xE33;&#xE40;&#xE23;&#xE35;&#xE22;&#xE07;  &#xE23;&#xE30;&#xE27;&#xE31;&#xE07;&#xE2A;&#xE33;&#xE42;&#xE23;&#xE07;</subfield>
  </datafield>
  <datafield tag="952" ind1=" " ind2=" ">
    <subfield code="0">0</subfield>
    <subfield code="1">0</subfield>
    <subfield code="2">lcc</subfield>
    <subfield code="4">0</subfield>
    <subfield code="7">0</subfield>
    <subfield code="8">CGBL</subfield>
    <subfield code="a">NALT</subfield>
    <subfield code="b">NALT</subfield>
    <subfield code="e">&#xE08;&#xE31;&#xE14;&#xE0B;&#xE37;&#xE49;&#xE2D;&#xE17;&#xE23;&#xE31;&#xE1E;&#xE22;&#xE32;&#xE01;&#xE23;</subfield>
    <subfield code="g">380.00</subfield>
    <subfield code="l">0</subfield>
    <subfield code="o">HD 30.28 &#xE04;933&#xE2D; 2550</subfield>
    <subfield code="p">3961174079</subfield>
    <subfield code="r">2017-06-09 00:00:00</subfield>
    <subfield code="t">&#xE09;. 2</subfield>
    <subfield code="v">430.00</subfield>
    <subfield code="w">2017-06-09</subfield>
    <subfield code="y">GB</subfield>
  </datafield>
  <datafield tag="952" ind1=" " ind2=" ">
    <subfield code="0">0</subfield>
    <subfield code="1">0</subfield>
    <subfield code="2">lcc</subfield>
    <subfield code="4">0</subfield>
    <subfield code="7">0</subfield>
    <subfield code="8">CGBL</subfield>
    <subfield code="a">NALT</subfield>
    <subfield code="b">NALT</subfield>
    <subfield code="e">&#xE08;&#xE31;&#xE14;&#xE0B;&#xE37;&#xE49;&#xE2D;&#xE17;&#xE23;&#xE31;&#xE1E;&#xE22;&#xE32;&#xE01;&#xE23;</subfield>
    <subfield code="g">380.00</subfield>
    <subfield code="l">1</subfield>
    <subfield code="o">HD 30.28 &#xE04;933&#xE2D; 2550</subfield>
    <subfield code="p">3961174078</subfield>
    <subfield code="r">2024-03-22 00:00:00</subfield>
    <subfield code="s">2024-03-15</subfield>
    <subfield code="t">&#xE09;. 1</subfield>
    <subfield code="v">430.00</subfield>
    <subfield code="w">2017-06-09</subfield>
    <subfield code="y">GB</subfield>
  </datafield>
  <datafield tag="952" ind1=" " ind2=" ">
    <subfield code="0">0</subfield>
    <subfield code="1">0</subfield>
    <subfield code="2">lcc</subfield>
    <subfield code="4">0</subfield>
    <subfield code="7">0</subfield>
    <subfield code="8">CERS</subfield>
    <subfield code="a">NALT</subfield>
    <subfield code="b">NALT</subfield>
    <subfield code="c">ONLINE</subfield>
    <subfield code="d">2023-09-29</subfield>
    <subfield code="e">191</subfield>
    <subfield code="g">988.00</subfield>
    <subfield code="r">2023-09-29 00:00:00</subfield>
    <subfield code="v">988.00</subfield>
    <subfield code="w">2023-09-29</subfield>
    <subfield code="y">EBK</subfield>
  </datafield>
</record>
